Lehrbuch der Psychiatrie : Verhütung, Prognostik und Behadlung der Geistigen und Seelischen Erkrankungen /

Guardado en:
Detalles Bibliográficos
Autor principal: Hoff, Hans (autor)
Formato: Libro
Idioma:Alemán
Colección:(Der Bücher "Psychohygiene-Wissenschaft und Praxis" ; X)
Temas:
Etiquetas: Agrega una etiqueta
Sin etiquetas, Sé el primero en etiquetar este registro!

MARC

LEADER 00000nam^a2200000^a^4500
001 000073921
005 20250521000000.0
009 20260310091646.488
037 |a Acervo ITESO - Biblioteca 
041 |a ALE 
082 |a 616. 89  |b HOF 
100 |a Hoff, Hans  |e (autor) 
245 1 0 |a Lehrbuch der Psychiatrie :  |b Verhütung, Prognostik und Behadlung der Geistigen und Seelischen Erkrankungen /  |c H. Hoff. 
264 |a Basilea, Suiza :  |b Brüder Hollinek,  |c 1956 
300 |a 533 p. 
336 |a texto  |b txt  |2 rdacontenido 
337 |a sin mediación  |b n  |2 rdamedio 
338 |a volumen  |b nc  |2 rdasoporte 
440 5 |a (Der Bücher "Psychohygiene-Wissenschaft und Praxis" ;  |v X) 
649 |a XX 
650 |a Psiquiatría 
910 |a Fondo Armando Suárez Gómez 
920 |a Impresos - Libros 
930 |a Fondos Especiales 
905 |a 111 
901 |a 0700005296  |b IT2  |c ESP  |u 20250521 
902 |a https://opac.biblio.iteso.mx/vufind/Record/000073921